| 000 | 00735nam a22002175i 4500 | ||
|---|---|---|---|
| 001 | 53569 | ||
| 003 | ES-MaACL | ||
| 005 | 20240526062937.0 | ||
| 007 | t| | ||
| 008 | 960627q1898 fr ||||1| fre d | ||
| 040 |
_aCAM _bspa _cCAM |
||
| 100 | 1 |
_aFaguet, Émile, _d1847-1916 _948632 |
|
| 245 | 1 | 0 |
_aSeizième siècle _b: études littéraires / _cEmile Faguet. |
| 260 |
_aParis : _bSociété Française d'Imprimerie et de Librairie, _c[1898?] |
||
| 300 |
_aXXIII, 425 p. ; _c19 cm. |
||
| 490 | 1 | _aNouvelle bibliothèque littéraire | |
| 650 | 4 |
_aLiteratura francesa- _yS.XVI- _vHistoria y crítica. _914591 |
|
| 830 | 0 |
_aNouvelle bibliothèque littéraire _9182447 |
|
| 852 |
_aES-MaACL _jF-576 |
||
| 999 |
_c53569 _d53569 |
||